| 000 | 00439nam a2200181Ia 4500 | ||
|---|---|---|---|
| 001 | 11959 | ||
| 005 | 20260306162906.0 | ||
| 008 | 260306t2025||||xx |||||||||||||| ||spa|| | ||
| 041 | _aESP | ||
| 082 |
_aHR 340 _bMAR 2025 QUORUM |
||
| 110 | _aEstudio Muñiz | ||
| 245 | 0 |
_aQUORUM : _buna revista del Estudio Muñiz |
|
| 260 | _c2025 | ||
| 300 |
_a33 páginas : _c29 cm. |
||
| 650 | _aGEN | ||
| 654 | _aCDE | ||
| 942 |
_cREV _dJUS _fJUS _2ddc _n |
||
| 999 |
_c11959 _d11959 |
||